All India directory of computer and information technology institutes, courses and jobs. (Record no. 103898)
[ view plain ]
| 000 -LEADER | |
|---|---|
| fixed length control field | 00537nam a2200157Ia 4500 |
| 008 - FIXED-LENGTH DATA ELEMENTS--GENERAL INFORMATION | |
| fixed length control field | 210210b2001 xxu||||| |||| 00| 0 eng d |
| 082 ## - DEWEY DECIMAL CLASSIFICATION NUMBER | |
| Classification number | 001.6402 STUA |
| 100 ## - MAIN ENTRY--PERSONAL NAME | |
| Personal name | STUDENT AID publications. |
| 245 ## - TITLE STATEMENT | |
| Title | All India directory of computer and information technology institutes, courses and jobs. |
| 250 ## - EDITION STATEMENT | |
| Edition statement | |
| 260 ## - PUBLICATION, DISTRIBUTION, ETC. | |
| Place of publication, distribution, etc. | Delhi |
| Name of publisher, distributor, etc. | Student Aid Publications |
| Date of publication, distribution, etc. | 2001 |
| 300 ## - PHYSICAL DESCRIPTION | |
| Extent | xxxii,275 |
| 650 ## - SUBJECT ADDED ENTRY--TOPICAL TERM | |
| Topical term or geographic name entry element | Directory, Computer Informations Technology, Institutes Courses, Jobs Careers<br/><br/><br/><br/> |
| 690 ## - LOCAL SUBJECT ADDED ENTRY--TOPICAL TERM (OCLC, RLIN) | |
| Topical term or geographic name as entry element | Computer Entranc |
| 906 ## - LOCAL DATA ELEMENT F, LDF (RLIN) | |
| a | 05628 |
| Withdrawn status | Lost status | Damaged status | Not for loan | Collection code | Home library | Current library | Shelving location | Date acquired | Source of acquisition | Cost, normal purchase price | Total Checkouts | Full call number | Barcode | Date last seen | Price effective from | Koha item type |
|---|---|---|---|---|---|---|---|---|---|---|---|---|---|---|---|---|
| St Aloysius Library | St Aloysius Library | 02/17/2021 | Higginbothams (P) Ltd., Mangalore-01. | 80.00 | 001.6402 STUA | 056289 | 02/17/2021 | 02/17/2021 | Book |